Study guide : (Record no. 133245)
[ view plain ]
| 000 -LEADER | |
|---|---|
| fixed length control field | 00722nam a22002297a 4500 |
| 005 - DATE AND TIME OF LATEST TRANSACTION | |
| control field | 20170124110206.0 |
| 010 ## - LIBRARY OF CONGRESS CONTROL NUMBER | |
| LC control number | B-017588 |
| 020 ## - INTERNATIONAL STANDARD BOOK NUMBER | |
| Terms of availability | 00.00 |
| International Standard Book Number | 8125906363 |
| 035 ## - SYSTEM CONTROL NUMBER | |
| System control number | B-017588 |
| 037 ## - SOURCE OF ACQUISITION | |
| Source of stock number/acquisition | Cen Lib/Ret |
| 040 ## - CATALOGING SOURCE | |
| Original cataloging agency | DPL |
| Language of cataloging | EN |
| 082 ## - DEWEY DECIMAL CLASSIFICATION NUMBER | |
| Classification number | 000 |
| Item number | SUR |
| 100 ## - MAIN ENTRY--PERSONAL NAME | |
| Personal name | Surana, D. K. |
| 9 (RLIN) | 40947 |
| 245 ## - TITLE STATEMENT | |
| Title | Study guide : |
| Statement of responsibility, etc | by D. K. Surana [and] K. Guruswamy |
| Remainder of title | company secretaries group I intermediate examinations / |
| 260 ## - PUBLICATION, DISTRIBUTION, ETC. (IMPRINT) | |
| Name of publisher, distributor, etc | Vikas Publishing House |
| Place of publication, distribution, etc | New Delhi |
| Date of publication, distribution, etc | 1999 |
| 270 ## - ADDRESS | |
| City | New Delhi |
| Address | 5, Ansari Road, Darya Ganj |
| Postal code | 110002 |
| 300 ## - PHYSICAL DESCRIPTION | |
| Extent | 704p. |
| Dimensions | 25cm(Hb) |
| 650 ## - SUBJECT ADDED ENTRY--TOPICAL TERM | |
| Topical term or geographic name as entry element | Management |
| 9 (RLIN) | 3072 |
| 650 ## - SUBJECT ADDED ENTRY--TOPICAL TERM | |
| Topical term or geographic name as entry element | General laws |
| 9 (RLIN) | 37332 |
| 700 ## - ADDED ENTRY--PERSONAL NAME | |
| Personal name | Guruswamy, K. |
| 9 (RLIN) | 37333 |
| 942 ## - ADDED ENTRY ELEMENTS (KOHA) | |
| Source of classification or shelving scheme | Dewey Decimal Classification |
| Koha item type | English Books |
| Classification part | 000 |
| Call number suffix | SUR |
| Withdrawn status | Lost status | Damaged status | Not for loan | Home library | Current library | Date acquired | Source of acquisition | Cost, normal purchase price | Total Checkouts | Full call number | Barcode | Date last seen | Copy number | Cost, replacement price | Price effective from | Koha item type |
|---|---|---|---|---|---|---|---|---|---|---|---|---|---|---|---|---|
| Central Library | Central Library | 25/07/2015 | Cen Lib/Ret | 0.00 | 000 SUR | B-017588 | 25/07/2015 | 1 | 0.00 | 25/07/2015 | English Books |
